• 首页
  • 本馆介绍
  • 公告通知
  • 最新文献
  • 馆藏检索
  • 电子资源
  • 读者导购
  • 参考咨询
  • 我的图书馆
  • 登录
  • 详细信息显示
  • 放入我的书架
  • 预约/预借图书
  • 作者相关作品
  • 分类相关作品
  • 丛书相关作品
  • 出版社相关作品

书目信息

  • 表格格式
  • 工作单格式
  • 卡片格式
题名:
文化创新思考
    
 
作者: ;中共北京市委 编
分册:  
出版信息: 北京   北京出版社  2013
页数: 349页
开本: 24cm
丛书名:
单 册:
中图分类: G127.1-53
科图分类:
主题词: 文化事业--建设--北京--文集 , 文化事业
电子资源:
ISBN: 978-7-200-10324-3
000 01060nam0 2200253 450
001 523
005 20140909171052.51
010    @a978-7-200-10324-3@dCNY68.00
100    @a20140512d2013 em y0chiy50 ea
101 0  @achi
102    @aCN@b110000
105    @ay z 000yy
106    @ar
200 1  @a文化创新思考@AWen Hua Chuang Xin Si Kao@e2012年北京市宣传系统领导干部研究文集@E2012 Nian Bei Jing Shi Xuan Chuan Xi Tong Ling Dao Gan Bu Yan Jiu Wen Ji@f中共北京市委宣传部编@FZhong Gong Bei Jing Shi Wei Xuan Chuan Bu Bian
210    @a北京@c北京出版社@d2013
215    @a349页@d24cm
330    @a本书分思想建设、研究探索、创新实践、传承交流四个部分,收录2012年北京市宣传系统领导干部研究论文。
517 1  @a2012年北京市宣传系统领导干部研究文集@A2012 Nian Bei Jing Shi Xuan Chuan Xi Tong Ling Dao Gan Bu Yan Jiu Wen Ji
606 0  @a文化事业@x建设@y北京@j文集
606 0  @a文化事业
690    @aG127.1-53@v5
711 02 @a中共北京市委@AZhong Gong Bei Jing Shi Wei@b宣传部@4编
801  0 @aCN@bTANGWEI@c20140603
905    @b0838801-03@dG127.1-53@e147@f3
    
    文化创新思考:2012年北京市宣传系统领导干部研究文集/中共北京市委宣传部编.-北京:北京出版社,2013
    349页;24cm
    
    
    ISBN 978-7-200-10324-3:CNY68.00
    本书分思想建设、研究探索、创新实践、传承交流四个部分,收录2012年北京市宣传系统领导干部研究论文。
●
相关链接 在E读中查询图书 在五车中查询图书 在当当中查询图书 在豆瓣中查询图书


正题名:文化创新思考     索取号:G127.1-53/147         预约/预借

序号 登录号 条形码 馆藏地/架位号 状态 备注
1 0838801   208388010   第一样本阅览室/ [索取号:G127.1-53/147] 在馆    
2 0838802   208388029   密集书库-海洋学院/ [索取号:G127.1-53/147] 在馆    
3 0838803   208388038   第四借阅区/ [索取号:G127.1-53/147] 在馆    
唐山师范学院图书馆 欢迎您!
大连网信软件有限公司© 版权所有